La evaluación de proyectos, programas y campañas de alfabetización para el desarrollo: planificación, diseño y ejecución de la evaluación y utilización de sus resultados
Furkejuvvon:
| Váldodahkki: | |
|---|---|
| Materiálatiipa: | Girji |
| Giella: | espánnjágiella |
| Almmustuhtton: |
Hamburgo
Instituto de la UNESCO para la educacion
1992
|
| Ráidu: | Manuales y libros de referencia de IUE
|
| Fáttát: | |
| Fáddágilkorat: |
Lasit fáddágilkoriid
Eai fáddágilkorat, Lasit vuosttaš fáddágilkora!
|
MARC
| LEADER | 00000nam a2200000 a 4500 | ||
|---|---|---|---|
| 001 | UCX9565 | ||
| 003 | CL-VaPUC | ||
| 008 | 940614e19920000GW |||||||||||||||||spa|d | ||
| 082 | 0 | 4 | |a 379.24 |b BHO |2 21 |
| 100 | 0 | |a Bhola, H. S |e author |9 326989 | |
| 245 | 1 | 3 | |a La evaluación de proyectos, programas y campañas de alfabetización para el desarrollo: planificación, diseño y ejecución de la evaluación y utilización de sus resultados |
| 300 | |a 323 p | ||
| 942 | |c BK | ||
| 945 | |d 19940614 00:00:00 |a rbrito | ||
| 260 | |a Hamburgo |b Instituto de la UNESCO para la educacion |c 1992 | ||
| 650 | 0 | |a Alfabetización |x Educación |9 307898 | |
| 650 | 0 | |a Analfabetismo |9 324360 | |
| 583 | |a last modification |c 19940614 00:00:00 |k Rodrigo Vera | ||
| 490 | 0 | |a Manuales y libros de referencia de IUE | |
| 999 | |c 228763 |d 228761 | ||
| 952 | |0 0 |1 0 |4 0 |6 379_240000000000000_BHO_1992 |7 0 |8 A |9 229171 |a BIBEDU |b BIBEDU |d 2019-11-15 |i 297620K |o 379.24 BHO 1992 |p 297620K |r 2019-11-15 |w 2019-11-15 |y BK |k EDU | ||
| 952 | |0 0 |1 0 |4 0 |6 379_240000000000000_BHO_1992 |7 0 |8 A |9 229172 |a BIBEDU |b BIBEDU |d 2019-11-15 |i 3517705 |o 379.24 BHO 1992 |p 3517705 |r 2019-11-15 |w 2019-11-15 |y BK |k BME | ||